000 00936nam a2200277Ia 4500
003 GCL
008 140319s9999 xx 000 0 ara d
020 _a072289953
040 _aGCL /
_cGCL
082 0 4 _a320.12
_bش م
100 1 _aشانيولو، جان بول
245 1 0 _aمسالة الحدود فى الشرق الاوسط /
_cشانيولو، جان بول
700 1 _aسيدى احمد سياح
700 1 _aحسن حيدر
250 _aالاولى
260 _aبيروت :
_bدار عويدات للنشر والطباعة ،
_c2006
300 _a311 ص ؛
_c21 سم
650 0 4 _aالنزاع العربى الاسرائيلى
650 0 4 _aالاستعمار
650 0 4 _aالحدود السياسية
650 0 4 _aالحدود الجغرافية
650 0 4 _aالمستعمرات
650 0 4 _aالنزاعات السلمية
650 0 4 _aمعاهدة كامب ديفيد
942 _2ddc
_cBK
999 _c8402
_d8402